000 00532nam a2200193 4500
999 _c11513
_d11513
003 OSt
005 20230703154257.0
008 690421s1969 nju b 001 0 eng
020 _a9780954723965
082 0 0 _a155.96
_bSOM
100 1 _aSommer, Robert.
245 0 0 _aPersonal space; the behavioral basis of design.
260 _aEnglewood Cliffs, N.J.,
_bPrentice-Hall
_c[1969]
300 _axi, 177 p.
_c22 cm.
490 0 _aA Spectrum book
504 _aBibliographical footnotes.
650 0 _aPersonal space.
942 _2ddc